000 01212nam0a22002531 4500
001 rc\869415
005 20041129093312.1
035 _a(NLR Aleph) 006048064
090 _a4775466
_c4775466
100 _a20041129d1984 u |0rusy50 ca
101 0 _arus
102 _aRU
105 _ay |||||||||
200 1 _aТехническое совершенствование кооперативного хозяйства
_eМетод. рекомендации в помощь пропагандистам шк. ком. труда по курсу "Науч.-техн. прогресс и экономика"
_fЦентросоюз СССР, Совет по экон. образованию, Центр. учеб.-метод. каб.
_g[Разраб. А.А. Дудла и др.]
210 _aМ.
_cБ. и.
_d1984
215 _a23 с.
_d19
225 1 _aСистема экономического образования
702 1 _aДудла
_bА. А.
_gАндрей Андреевич
_4570
712 0 2 _aЦентросоюз
_bСовет по экон. образованию
_3RU\NLR\AUTH\889980956
801 0 _aRU
_bNLR
_gpsbo
801 1 _aRU
_bELAR
_2rusmarc
852 _aNLR
_j85-4/7601
942 _cBOOK
980 _aNB